Khả năng khái quát hóa của trẻ mẫu giáo 5 - 6 tuổi tại Thành phố Hồ Chí Minh
שמור ב:
| מחבר ראשי: | |
|---|---|
| פורמט: | ספר |
| שפה: | Undetermined |
| נושאים: | |
| גישה מקוונת: | http://lrc.tdmu.edu.vn/opac/search/detail.asp?aID=2&ID=25962 |
| תגים: |
הוספת תג
אין תגיות, היה/י הראשונ/ה לתייג את הרשומה!
|
| Thư viện lưu trữ: | Trung tâm Học liệu Trường Đại học Thủ Dầu Một |
|---|
| LEADER | 00681nam a2200145Ia 4500 | ||
|---|---|---|---|
| 001 | TDMU_25962 | ||
| 008 | 210410s9999 xx 000 0 und d | ||
| 082 | |a 372.21 | ||
| 100 | |a Trần, Thị Phương | ||
| 245 | 0 | |a Khả năng khái quát hóa của trẻ mẫu giáo 5 - 6 tuổi tại Thành phố Hồ Chí Minh | |
| 245 | 0 | |c Trần Thị Phương | |
| 300 | |a Tr.69-73 | ||
| 650 | |a Giáo dục Mầm non; Khả năng khái quát hóa; Trẻ mẫu giáo 5 - 6 tuổi; Thành phố Hồ Chí Minh | ||
| 856 | |u http://lrc.tdmu.edu.vn/opac/search/detail.asp?aID=2&ID=25962 | ||
| 980 | |a Trung tâm Học liệu Trường Đại học Thủ Dầu Một | ||